Every Manchester United Goal Scorer in the 2012/13 Premier League - Statistics

General Stats
  • This quiz has been taken 29 times
  • The average score is 65 of 80
Answer Stats
Game Scorer % Correct
Stoke City (H) Rooney
100%
Stoke City (H) Rooney
100%
Reading (A) Rooney
100%
Reading (A) Rooney
100%
Manchester City (A) Rooney
100%
Manchester City (A) Rooney
100%
Sunderland (H) Rooney
100%
Southampton (H) Rooney
100%
Southampton (H) Rooney
100%
Fulham (A) Rooney
100%
Norwich City (H) Rooney
100%
Reading (H) Rooney
100%
Everton (H) Giggs
96%
Queens Park Rangers (A) Giggs
96%
Fulham (H) van Persie
96%
Southampton (A) van Persie
96%
Southampton (A) van Persie
96%
Southampton (A) van Persie
96%
Liverpool (A) van Persie
96%
Stoke City (H) van Persie
96%
Chelsea (A) van Persie
96%
Arsenal (H) van Persie
96%
West Ham United (H) van Persie
96%
Reading (A) van Persie
96%
Manchester City (A) van Persie
96%
Sunderland (H) van Persie
96%
Newcastle United (H) van Persie
96%
West Bromwich Albion (H) van Persie
96%
Wigan Atheltic (A) van Persie
96%
Wigan Atheltic (A) van Persie
96%
Liverpool (H) van Persie
96%
Tottenham Hotspur (A) van Persie
96%
Everton (H) van Persie
96%
Stoke City (A) van Persie
96%
West Ham United (A) van Persie
96%
Aston Villa (H) van Persie
96%
Aston Villa (H) van Persie
96%
Aston Villa (H) van Persie
96%
Arsenal (A) van Persie
96%
West Bromwich Albion (A) van Persie
96%
Newcastle United (A) Evra
88%
Arsenal (H) Evra
88%
Swansea City (A) Evra
88%
Newcastle United (H) Evra
88%
Swansea City (H) Ferdinand
88%
Tottenham Hotspur (H) Nani
83%
Wigan Athletic (H) Scholes
83%
Liverpool (H) Vidic
83%
Stoke City (A) Carrick
75%
Fulham (H) Rafael
71%
Liverpool (A) Rafael
71%
Queens Park Rangers (A) Rafael
71%
West Ham United (A) Valencia
71%
Queens Park Rangers (H) Fletcher
67%
Wigan Athletic (H) Hernandez
67%
Chelsea (A) Hernandez
67%
Aston Villa (A) Hernandez
67%
Aston Villa (A) Hernandez
67%
Queens Park Rangers (H) Hernandez
67%
Newcastle United (H) Hernandez
67%
Wigan Atheltic (A) Hernandez
67%
Wigan Atheltic (A) Hernandez
67%
Swansea City (H) Hernandez
67%
West Bromwich Albion (A) Hernandez
67%
Newcastle United (A) Evans
63%
Queens Park Rangers (H) Evans
63%
Newcastle United (H) Evans
63%
Fulham (H) Kagawa
58%
Tottenham Hotspur (H) Kagawa
58%
Norwich City (H) Kagawa
58%
Norwich City (H) Kagawa
58%
Norwich City (H) Kagawa
58%
West Bromwich Albion (A) Kagawa
58%
Stoke City (H) Welbeck
58%
Newcastle United (A) Cleverley
54%
Sunderland (H) Cleverley
54%
Reading (A) Anderson
46%
Wigan Athletic (H) Buttner
38%
West Bromwich Albion (A) Buttner
38%
Wigan Athletic (H) Powell
38%
No matching quizzes found
Score Distribution
Percent of People with Each Score
Percentile by Number Answered
Your Score History
You have not taken this quiz